| 000 | 02960cam a2200337 a 4500 | ||
|---|---|---|---|
| 999 |
_c329117 _d329117 |
||
| 001 | 14622413 | ||
| 003 | Nust | ||
| 005 | 20170424150648.0 | ||
| 008 | 061103s2007 nyu b 000 0 eng | ||
| 010 | _a 2006036954 | ||
| 020 | _a9780670038657 | ||
| 020 | _a0670038652 | ||
| 035 | _a(OCoLC)ocm76064652 | ||
| 035 | _a(OCoLC)76064652 | ||
| 040 |
_aDLC _cDLC _dBAKER _dBTCTA _dC#P _dMLY _dYDXCP _dBUR _dDLC |
||
| 050 | 0 | 0 |
_aPR9369.3.C58 _bI66 2007 |
| 082 | 0 | 0 |
_a809 COE _222 |
| 100 | 1 |
_aCoetzee, J. M., _d1940- |
|
| 245 | 1 | 0 |
_aInner workings : _bliterary essays, 2000-2005 / _cJ.M. Coetzee ; with an introduction by Derek Attridge. |
| 250 | _a1st American ed. | ||
| 260 |
_aNew York : _bViking, _c2007. |
||
| 300 |
_axiv, 304 p. ; _c23 cm. |
||
| 504 | _aIncludes bibliographical references (p. 292-304). | ||
| 505 | 0 | _aItalo Svevo -- Robert Walser -- Robert Musil, The confusions of young Törless-- Walter Benjamin, the Arcades Project -- Bruno Schulz -- Joseph Roth, the stories -- Sándor Márai -- Paul Celan and his translators -- Günter Grass and the Wilhelm Gustloff -- W. G. Sebald, After nature -- Hugo Claus, poet -- Graham Greene, Brighton Rock -- Samuel Beckett, the short fiction -- Walt Whitman -- William Faulkner and his biographers -- Saul Bellow, the early novels -- Arthur Miller, The misfits -- Philip Roth, The plot against America -- Nadine Gordimer -- Gabriel García Márquez, Memories of my melancholy whores -- V. S. Naipaul, Half a life. | |
| 520 | _aA new collection of essays and literary criticism from the Nobel Prize winner. In addition to being one of the most acclaimed and accomplished fiction writers in the world, Coetzee is also a literary critic of the highest caliber. As Derek Attridge observes in his introduction, reading Coetzee's nonfiction offers one the opportunity to see "how an author at the forefront of his profession engages with his peers, not as a critic from the outside, but as one who works with the same raw materials." In this collection of twenty recent pieces, Coetzee examines the work of some of the twentieth century's greatest writers. Insightful, challenging, yet accessible, these essays demonstrate Coetzee's sharp eye and unwavering critical acumen and will be of interest to his fans as well as to all readers of international literature.--From publisher description. | ||
| 650 | 0 |
_aLiterature _xHistory and criticism. |
|
| 856 | 4 | 1 |
_3Table of contents only _uhttp://www.loc.gov/catdir/toc/ecip074/2006036954.html |
| 856 | 4 | 2 |
_3Publisher description _uhttp://www.loc.gov/catdir/enhancements/fy0743/2006036954-d.html |
| 856 | 4 | 2 |
_3Contributor biographical information _uhttp://www.loc.gov/catdir/enhancements/fy0743/2006036954-b.html |
| 906 |
_a7 _bcbc _corignew _d1 _eecip _f20 _gy-gencatlg |
||
| 942 |
_2ddc _cBK |
||